WRITE YOUR FIRST PROGRAM (Record no. 216343)

MARC details
000 -LEADER
fixed length control field 00458nam a22001697a 4500
008 - FIXED-LENGTH DATA ELEMENTS--GENERAL INFORMATION
fixed length control field 251209b |||||||| |||| 00| 0 eng d
020 ## - INTERNATIONAL STANDARD BOOK NUMBER
International Standard Book Number 978-/81-203-4741-0
050 ## - LIBRARY OF CONGRESS CALL NUMBER
Classification number QA 76.6.S24 2013
100 ## - MAIN ENTRY--PERSONAL NAME
Personal name SAHA AMIT
245 ## - TITLE STATEMENT
Title WRITE YOUR FIRST PROGRAM
260 ## - PUBLICATION, DISTRIBUTION, ETC.
Place of publication, distribution, etc. DELHI
Name of publisher, distributor, etc. PHI LEARNING PRIVATE LIMITED
Date of publication, distribution, etc. 2013
300 ## - PHYSICAL DESCRIPTION
Extent X,234
500 ## - GENERAL NOTE
General note INCLUDES AN INDEX
650 ## - SUBJECT ADDED ENTRY
Topical term or geographic name entry element Computer programming textbook
942 ## - ADDED ENTRY ELEMENTS (KOHA)
Source of classification or shelving scheme Library of Congress Classification
Koha item type Long Loan Book
Holdings
Withdrawn status Lost status Source of classification or shelving scheme Damaged status Not for loan Collection Home library Current library Shelving location Date acquired Inventory number Total checkouts Full call number Barcode Date last seen Copy number Price effective from Koha item type
    Library of Congress Classification     Science & Technology Kisii University Library Kisii University Library On Display 12/09/2025 110542   QA 76.6.S24 2013 000000018710 12/09/2025 C.1 12/09/2025 Long Loan Book
    Library of Congress Classification     Science & Technology Kisii University Library Kisii University Library On Display 12/09/2025 110543   QA 76.6.S24 2013 000000017889 12/09/2025 C.2 12/09/2025 Long Loan Book
    Library of Congress Classification     Science & Technology Kisii University Library Kisii University Library On Display 12/09/2025 110544   QA 76.6.S24 2013 000000017890 12/09/2025 C.3 12/09/2025 Long Loan Book